[Event "World Blitz 2016"]
[Site "Doha QAT"]
[Date "2016.12.29"]
[Round "3.9"]
[White "Wojtaszek, Radoslaw"]
[Black "Ganguly, Surya Shekhar"]
[Result "0-1"]
[WhiteTitle "GM"]
[BlackTitle "GM"]
[WhiteElo "2749"]
[BlackElo "2668"]
[WhiteFideId "1118358"]
[BlackFideId "5002150"]
[EventDate "2016.12.29"]

1. Nf3 d5 2. d4 Nf6 3. e3 e6 4. Bd3 c5 5. b3 Nc6 6. Bb2 Bd6 7. O-O O-O 8. Nbd2
b6 9. dxc5 Bxc5 10. c4 dxc4 11. Nxc4 Bb7 12. Qe2 Qe7 13. Ng5 Rfd8 14. Bxf6 Qxf6
15. Bxh7+ Kf8 16. Ne4 Qh4 17. Nxc5 bxc5 18. Bc2 Nb4 19. f3 Ke7 20. a3 Nd5 21.
Qf2 Qf6 22. Be4 Rab8 23. Rac1 Ba6 24. Na5 Rdc8 25. Rfd1 Nc3 26. Nc6+ Rxc6 27.
Bxc6 Nxd1 28. Rxd1 Rxb3 29. Rd7+ Kf8 30. h4 g6 31. Rxa7 Bd3 32. Qg3 Kg7 33. Be8
Rb1+ 34. Kh2 Qa1 35. Qf2 Rh1+ 36. Kg3 Qe5+ 37. f4 Qh5 38. Rxf7+ Kg8 39. e4 Be2 0-1

[Event "World Blitz 2016"]
[Site "Doha QAT"]
[Date "2016.12.29"]
[Round "3.10"]
[White "Nepomniachtchi, Ian"]
[Black "Naiditsch, Arkadij"]
[Result "1-0"]
[WhiteTitle "GM"]
[BlackTitle "GM"]
[WhiteElo "2767"]
[BlackElo "2687"]
[WhiteFideId "4168119"]
[BlackFideId "4650891"]
[EventDate "2016.12.29"]

1. e4 c5 2. Nf3 Nc6 3. Bb5 Nf6 4. Nc3 Qc7 5. Bxc6 bxc6 6. O-O e5 7. d3 Be7 8.
Nh4 d5 9. f4 dxe4 10. dxe4 O-O 11. Qe1 c4 12. Kh1 Re8 13. fxe5 Qxe5 14. Bf4 Qh5
15. Bg3 Bb4 16. e5 Nd5 17. Nf3 Bb7 18. Nd4 Rad8 19. Nf5 Bc8 20. Ne3 Nxe3 21.
Qxe3 Bf5 22. Qf4 Bxc2 23. Qxc4 Bxc3 24. Qxc3 Be4 25. Qe3 Bd5 26. Qxa7 Re6 27.
Qe3 Rg6 28. Kg1 Rg4 29. Rf4 Rxf4 30. Bxf4 Qg4 31. Bg3 h5 32. h3 Qc4 33. b3 Qc2
34. Qf2 Qxf2+ 35. Bxf2 Ra8 36. Bd4 c5 37. Bxc5 Bxb3 38. a3 Rc8 39. Rc1 f6 40.
exf6 gxf6 41. Kf2 Kf7 42. Rc3 Ba4 43. Ke3 Ke6 44. Kd4 Rg8 45. g3 Kd7 46. Kc4 Bc6
47. Re3 Re8 48. Rd3+ Kc7 49. Bd6+ Kb7 50. Kc5 Ba4 51. Bf4 Rc8+ 52. Kb4 Bc6 53.
Rd6 Bg2 54. h4 Rc6 55. Rd7+ Ka6 56. Be3 1-0

[Event "World Blitz 2016"]
[Site "Doha QAT"]
[Date "2016.12.29"]
[Round "3.12"]
[White "Mamedov, Rauf"]
[Black "Jakovenko, Dmitry"]
[Result "1/2-1/2"]
[WhiteTitle "GM"]
[BlackTitle "GM"]
[WhiteElo "2688"]
[BlackElo "2704"]
[WhiteFideId "13401653"]
[BlackFideId "4122356"]
[EventDate "2016.12.29"]

1. e4 e5 2. Nc3 Nf6 3. g3 d5 4. exd5 Nxd5 5. Bg2 Nxc3 6. bxc3 Nc6 7. Nf3 Bc5 8.
O-O O-O 9. d3 Bg4 10. h3 Bh5 11. Rb1 Bb6 12. g4 Bg6 13. Bg5 f6 14. Be3 e4 15.
Nh4 exd3 16. Nxg6 hxg6 17. cxd3 Qd7 18. d4 Rad8 19. Re1 Na5 20. Qc2 Qf7 21. Rb4
Rfe8 22. Be4 f5 23. gxf5 gxf5 24. Bxf5 Rd6 25. Rbb1 Nc4 26. Bf4 Rxe1+ 27. Rxe1
Rf6 28. Bg4 Qg6 29. Qxg6 Rxg6 30. Kf1 Nd6 31. Re7 Ba5 32. c4 Kf8 33. Rd7 Ke8 34.
Bxd6 Rxd6 35. Rxg7 Rxd4 36. Be6 Rf4 37. Bd5 Bb6 38. f3 Bd4 39. Rg8+ Kd7 40. Bxb7
c6 41. Ke2 Kc7 42. Ba8 Bf6 43. Rf8 Be5 44. Rxf4 Bxf4 45. Kd3 Kd6 46. Ke4 Bg5 47.
Kf5 Bd2 48. h4 Bc3 49. f4 c5 50. Bd5 a5 51. a4 Bb2 52. h5 Bc3 53. Bg8 Bb2 54.
Kg5 Bc3 55. Bd5 Ke7 56. Kg6 Bb2 57. Bf3 Bc3 58. h6 Bb2 59. Kf5 Kd6 60. Kg5 Ke7
61. Bd5 Bc3 62. Kg6 Bb2 63. Kh7 Kf8 64. Bf3 Bc3 65. Kg6 Ke7 66. Kf5 Kd6 67. Bh5
Bb2 68. Be8 Bc3 69. Kg6 Ke7 70. Bc6 Bb2 71. f5 Bc3 72. Kg5 Bb2 73. Kf4 Kd6 74.
Bd5 Bf6 75. Kg4 Ke7 76. Kh5 Bc3 77. Kg6 Bb2 78. h7 Bc3 79. Bg8 Bb2 80. Kg5 Bc3
81. Kf4 Kd6 82. Bd5 Bb2 83. Kg5 Ke7 84. Kg6 Bc3 1/2-1/2

[Event "World Blitz 2016"]
[Site "Doha QAT"]
[Date "2016.12.29"]
[Round "3.14"]
[White "Grandelius, Nils"]
[Black "Yu, Yangyi"]
[Result "0-1"]
[WhiteTitle "GM"]
[BlackTitle "GM"]
[WhiteElo "2643"]
[BlackElo "2729"]
[WhiteFideId "1710400"]
[BlackFideId "8603820"]
[EventDate "2016.12.29"]

1. d4 Nf6 2. Nf3 d5 3. c3 c6 4. Bf4 g6 5. e3 Bg7 6. h3 O-O 7. Be2 Bf5 8. O-O
Nbd7 9. Qb3 Qb6 10. Nbd2 Ne4 11. Nxe4 Bxe4 12. Rfc1 Rfc8 13. c4 c5 14. cxd5 Qxb3
15. axb3 Bxd5 16. Bb5 Nf8 17. Rxc5 Rxc5 18. dxc5 Ne6 19. Be5 Nxc5 20. Bxg7 Kxg7
21. b4 Ne6 22. Ne5 a6 23. Bf1 f6 24. Rd1 Rd8 25. Nc4 Bxc4 26. Rxd8 Nxd8 27. Bxc4
e6 28. Kf1 b5 29. Be2 Nc6 30. Bf3 Nxb4 31. Ke2 Kf7 32. Kd2 Ke7 33. Kc3 Nd5+ 34.
Bxd5 exd5 35. Kb4 Kd6 36. Ka5 Kc5 37. Kxa6 Kc4 38. Ka5 f5 39. h4 h6 40. g3 g5
41. hxg5 hxg5 42. f4 gxf4 43. gxf4 Kd3 44. Kxb5 Kxe3 0-1

[Event "World Blitz 2016"]
[Site "Doha QAT"]
[Date "2016.12.29"]
[Round "3.15"]
[White "Agdestein, Simen"]
[Black "Korobov, Anton"]
[Result "0-1"]
[WhiteTitle "GM"]
[BlackTitle "GM"]
[WhiteElo "2602"]
[BlackElo "2692"]
[WhiteFideId "1500015"]
[BlackFideId "14105730"]
[EventDate "2016.12.29"]

1. c4 Nf6 2. Nc3 g6 3. g3 Bg7 4. Bg2 O-O 5. Nf3 Nc6 6. O-O a6 7. d4 Rb8 8. d5
Na5 9. Nd2 c5 10. Rb1 b5 11. cxb5 axb5 12. b4 cxb4 13. Rxb4 Ba6 14. a4 bxa4 15.
Rxb8 Qxb8 16. Qxa4 Qc7 17. Nb5 Qb6 18. Nc3 Rc8 19. Qa3 d6 20. Bb2 Ng4 21. Na4
Bxb2 22. Nxb6 Bxa3 23. Nxc8 Bxc8 24. Ra1 Bb4 25. Ne4 Bf5 26. Ra4 Be1 27. Kf1
Bxe4 28. Rxe4 Nf6 29. Rxe7 Bb4 30. Rb7 Nxb7 0-1

[Event "World Blitz 2016"]
[Site "Doha QAT"]
[Date "2016.12.29"]
[Round "3.16"]
[White "Adhiban, Baskaran"]
[Black "Cheparinov, Ivan"]
[Result "1/2-1/2"]
[WhiteTitle "GM"]
[BlackTitle "GM"]
[WhiteElo "2666"]
[BlackElo "2689"]
[WhiteFideId "5018471"]
[BlackFideId "2905540"]
[EventDate "2016.12.29"]

1. d4 Nf6 2. c4 e6 3. Nf3 d5 4. Nc3 Be7 5. Bg5 h6 6. Bxf6 Bxf6 7. e3 O-O 8. Qd2
dxc4 9. Bxc4 c5 10. dxc5 Nd7 11. Ne4 Be7 12. c6 Nb6 13. Bd3 bxc6 14. O-O c5 15.
Rfd1 Bb7 16. Rac1 c4 17. Bb1 Qxd2 18. Nexd2 Rfd8 19. Nd4 Rac8 20. Be4 Bd5 21.
Bxd5 Rxd5 22. Ne4 Kf8 23. Kf1 Ra5 24. Nc3 Bb4 25. Ndb5 Bxc3 26. Nxc3 Nd5 27. a3
g5 28. h3 Rb8 29. Rd2 Rb3 30. Ne4 c3 31. Nxc3 Nxc3 32. Rxc3 Rxc3 33. bxc3 Rxa3
34. Rd7 Rxc3 1/2-1/2

[Event "World Blitz 2016"]
[Site "Doha QAT"]
[Date "2016.12.29"]
[Round "3.17"]
[White "Artemiev, Vladislav"]
[Black "Pichot, Alan"]
[Result "1-0"]
[WhiteTitle "GM"]
[BlackTitle "GM"]
[WhiteElo "2653"]
[BlackElo "2544"]
[WhiteFideId "24101605"]
[BlackFideId "110973"]
[EventDate "2016.12.29"]

1. d4 Nf6 2. Nf3 g6 3. Bg5 Bg7 4. Nbd2 O-O 5. e3 d6 6. Bc4 b6 7. O-O Bb7 8. c3
Nbd7 9. Re1 e5 10. e4 h6 11. Bh4 Qe7 12. a4 a5 13. Qb3 Kh8 14. Bb5 g5 15. Bg3
Nh5 16. Rad1 Nf4 17. Bxd7 Qxd7 18. Nc4 Qe6 19. d5 Qg6 20. Nfd2 Nd3 21. Re3 Nc5
22. Qc2 Bxd5 23. Ree1 Bc6 24. b3 b5 25. axb5 Bxb5 26. f3 a4 27. b4 Nb3 28. Ne3
Qe6 29. Nd5 Nxd2 30. Rxd2 Rfc8 31. c4 Bd7 32. Ne3 a3 33. Ra1 Rcb8 34. Qb3 Ra4
35. b5 Rba8 36. Nd5 R4a7 37. Bf2 Rb7 38. Rxa3 Rf8 39. Ra7 Rxa7 40. Bxa7 c6 41.
Nc7 Qg6 42. b6 f5 43. b7 fxe4 44. b8=Q Rxb8 45. Qxb8+ Kh7 46. Qb1 Bf5 47. fxe4
Bxe4 48. Qd1 Bf8 49. Rf2 Be7 50. Be3 Bd3 51. Qg4 h5 52. Qd7 1-0

[Event "World Blitz 2016"]
[Site "Doha QAT"]
[Date "2016.12.29"]
[Round "3.20"]
[White "Amonatov, Farrukh"]
[Black "Bu, Xiangzhi"]
[Result "0-1"]
[WhiteTitle "GM"]
[BlackTitle "GM"]
[WhiteElo "2620"]
[BlackElo "2705"]
[WhiteFideId "14700077"]
[BlackFideId "8601445"]
[EventDate "2016.12.29"]

1. e4 e5 2. Nf3 Nc6 3. Nc3 Nf6 4. g3 Bc5 5. Bg2 O-O 6. O-O d6 7. d3 h6 8. Na4
Be6 9. h3 a5 10. Nxc5 dxc5 11. Be3 b6 12. Kh2 a4 13. a3 Qe7 14. Nd2 Rad8 15. f4
exf4 16. gxf4 Bc8 17. Qe1 Rfe8 18. Rg1 Nd4 19. Bxd4 Rxd4 20. Nf3 Rdd8 21. Qh4
Nh7 22. Qg3 Nf6 23. Qh4 Nh7 24. Qxe7 Rxe7 25. Rae1 Nf6 26. Nd2 b5 27. e5 Nh5 28.
Rgf1 c4 29. Be4 g6 30. Re2 cxd3 31. Bxd3 Rd4 32. Ne4 Bf5 33. Nf6+ Nxf6 34. Bxf5
Nh5 35. Be4 f5 36. Bc6 Nxf4 37. Ref2 g5 38. Bxb5 Rxe5 39. Bc6 Re3 40. Bg2 Kg7
41. c3 Rdd3 42. h4 Kg6 43. hxg5 hxg5 44. Rc1 Rd6 45. c4 Nd3 0-1

[Event "World Blitz 2016"]
[Site "Doha QAT"]
[Date "2016.12.29"]
[Round "3.22"]
[White "Jobava, Baadur"]
[Black "Pantsulaia, Levan"]
[Result "1-0"]
[WhiteTitle "GM"]
[BlackTitle "GM"]
[WhiteElo "2702"]
[BlackElo "2607"]
[WhiteFideId "13601520"]
[BlackFideId "13602071"]
[EventDate "2016.12.29"]

1. d4 Nf6 2. c4 c5 3. d5 e6 4. Nc3 exd5 5. cxd5 d6 6. Nf3 g6 7. Qa4+ Nbd7 8. Bf4
a6 9. e3 Rb8 10. Qc2 b5 11. a4 b4 12. Ne4 Nxe4 13. Qxe4+ Qe7 14. Nd2 Ne5 15.
Bxe5 Qxe5 16. Qxe5+ dxe5 17. e4 f5 18. f3 fxe4 19. fxe4 Bh6 20. Nc4 O-O 21. Bd3
Ra8 22. Rf1 Rxf1+ 23. Kxf1 a5 24. Ke2 Ba6 25. Nb6 Bxd3+ 26. Kxd3 Rf8 27. Re1 Rf2
28. Re2 Rf1 29. Kc4 Rc1+ 30. Kb5 b3 31. Nc4 Rc2 32. Re1 Rxg2 33. Kxa5 Bd2+ 34.
Nxd2 Rxd2 35. Rb1 Rd4 36. Re1 Kf7 37. Re3 Rb4 38. Rc3 Ke7 39. Rxc5 Rxe4 40. Rc3
Re2 41. Rxb3 Rxh2 42. Kb6 Rd2 43. a5 Rxd5 44. a6 h5 45. a7 Rd8 46. Ka6 Ra8 47.
Rb8 Rxa7+ 48. Kxa7 h4 49. b4 g5 50. b5 h3 51. b6 1-0

[Event "World Blitz 2016"]
[Site "Doha QAT"]
[Date "2016.12.29"]
[Round "3.23"]
[White "Zhang, Zhong"]
[Black "Bortnyk, Olexandr"]
[Result "0-1"]
[WhiteTitle "GM"]
[BlackTitle "GM"]
[WhiteElo "2645"]
[BlackElo "2581"]
[WhiteFideId "8600694"]
[BlackFideId "14120828"]
[EventDate "2016.12.29"]

1. e4 d6 2. d4 Nf6 3. Nc3 Nbd7 4. Nf3 e5 5. Bc4 Be7 6. O-O O-O 7. Re1 a6 8. a4
b6 9. b3 Bb7 10. Bb2 c6 11. d5 Nc5 12. dxc6 Bxc6 13. Nd2 Qd7 14. Qe2 Rfc8 15.
Ba3 Ne6 16. g3 Nd4 17. Qd1 b5 18. Bd3 Qh3 19. Bf1 Qh6 20. Re3 Bd7 21. f3 Qxe3+ 0-1

[Event "World Blitz 2016"]
[Site "Doha QAT"]
[Date "2016.12.29"]
[Round "3.24"]
[White "Jumabayev, Rinat"]
[Black "Lu, Shanglei"]
[Result "1-0"]
[WhiteTitle "GM"]
[BlackTitle "GM"]
[WhiteElo "2611"]
[BlackElo "2627"]
[WhiteFideId "13702661"]
[BlackFideId "8603332"]
[EventDate "2016.12.29"]

1. Nf3 g6 2. g3 Bg7 3. d4 f5 4. Bg2 Nf6 5. b3 d6 6. Bb2 O-O 7. c4 c6 8. Nc3 Qe8
9. O-O e5 10. dxe5 dxe5 11. e4 f4 12. gxf4 Nh5 13. fxe5 Nf4 14. Ne2 Nxg2 15.
Kxg2 Bg4 16. Nfg1 Bxe5 17. Bxe5 Qxe5 18. f3 Be6 19. Qd4 Qg5+ 20. Kh1 Na6 21.
Rad1 Nc5 22. Ng3 Rad8 23. Qc3 h5 24. f4 Qg4 25. Rxd8 Rxd8 26. Qe5 Nd3 27. Qc7
Rf8 28. f5 gxf5 29. exf5 h4 30. Qd6 hxg3 31. Qxe6+ Rf7 32. hxg3 Qxg3 33. Qe8+
Rf8 34. Qe6+ Kg7 35. Qd7+ Rf7 36. Qd4+ Kg8 37. Qd8+ Rf8 38. Qd4 Re8 39. Rf3 Qg7
40. Qxg7+ 1-0

[Event "World Blitz 2016"]
[Site "Doha QAT"]
[Date "2016.12.29"]
[Round "3.25"]
[White "Zhigalko, Sergei"]
[Black "Al-Sayed, Mohammed"]
[Result "1-0"]
[WhiteTitle "GM"]
[BlackTitle "GM"]
[WhiteElo "2671"]
[BlackElo "2508"]
[WhiteFideId "13502956"]
[BlackFideId "12100196"]
[EventDate "2016.12.29"]

1. e4 c5 2. Nf3 d6 3. d4 cxd4 4. Qxd4 Nf6 5. Nc3 Nc6 6. Bb5 Bd7 7. Bxc6 Bxc6 8.
Bg5 e6 9. O-O-O Be7 10. Rhe1 h6 11. Bh4 O-O 12. Kb1 b5 13. Bxf6 Bxf6 14. Qe3 b4
15. Ne2 Qc7 16. Ned4 Bd7 17. g4 Rfc8 18. Re2 a5 19. h4 Be5 20. Nxe5 dxe5 21. Nf3
a4 22. Red2 b3 23. cxb3 axb3 24. a3 Bb5 25. Ne1 Ra6 26. Nd3 Rc6 27. g5 h5 28. g6
fxg6 29. f3 Rc2 30. Qg5 Kh7 31. Qe3 Qc6 32. f4 Bxd3 33. Rxd3 exf4 34. Qxf4 e5
35. Qe3 Qc4 36. Rxb3 Re2 37. Qd3 Qxd3+ 38. Rbxd3 Rxe4 39. Rd7 Rxh4 40. Re7 Rh2
41. Rxe5 Kh6 42. Rg1 Rcc2 43. Rb5 h4 44. a4 h3 45. Rb3 Kh5 46. a5 g5 47. a6 Rc8
48. Rbg3 Rg2 49. Rxh3+ Kg4 50. Rxg2+ Kxh3 51. Rxg5 Ra8 52. Rg6 Kh4 53. b4 Kh5
54. Rxg7 Rxa6 55. Kb2 Kh6 56. Rg1 Re6 57. Kb3 Rb6 58. Kc4 Rc6+ 59. Kd5 Rc8 60.
b5 1-0

[Event "World Blitz 2016"]
[Site "Doha QAT"]
[Date "2016.12.29"]
[Round "3.27"]
[White "Morozevich, Alexander"]
[Black "Lalith, Babu M R"]
[Result "1-0"]
[WhiteTitle "GM"]
[BlackTitle "GM"]
[WhiteElo "2676"]
[BlackElo "2587"]
[WhiteFideId "4116992"]
[BlackFideId "5024595"]
[EventDate "2016.12.29"]

1. e4 e5 2. Nf3 Nc6 3. Nc3 Nf6 4. d4 exd4 5. Nxd4 Bb4 6. Nxc6 bxc6 7. Bd3 O-O 8.
O-O d5 9. exd5 cxd5 10. h3 Rb8 11. Qf3 Be6 12. Nb5 c5 13. a3 Ba5 14. b4 Bb6 15.
Bf4 Rc8 16. Nd6 Rc6 17. Nb7 Qe7 18. Nxc5 Bxc5 19. bxc5 Qxc5 20. Rfd1 Ne4 21. Be3
Qe7 22. Bd4 f5 23. a4 h6 24. a5 Qf7 25. a6 f4 26. Bxe4 dxe4 27. Qxe4 Bd5 28. Qe2
f3 29. Qe5 Rg6 30. g4 Re8 31. Qh5 Be6 32. Be5 Bxg4 33. hxg4 Rxe5 34. Qxe5 Rxg4+
35. Kf1 Qg6 36. Qh2 Kh7 37. Rd3 Rg2 38. Qh1 Qe4 39. Rxf3 Rg6 40. Qh3 Qc4+ 41.
Rd3 Qxc2 42. Rad1 Qc4 43. Qf5 Qc6 44. Rg3 1-0

[Event "World Blitz 2016"]
[Site "Doha QAT"]
[Date "2016.12.29"]
[Round "3.28"]
[White "Najer, Evgeniy"]
[Black "Vitiugov, Nikita"]
[Result "1/2-1/2"]
[WhiteTitle "GM"]
[BlackTitle "GM"]
[WhiteElo "2679"]
[BlackElo "2726"]
[WhiteFideId "4118987"]
[BlackFideId "4152956"]
[EventDate "2016.12.29"]

1. e4 c5 2. Nc3 e6 3. d4 cxd4 4. Qxd4 Nc6 5. Qd3 a6 6. Bf4 b5 7. O-O-O Qa5 8.
Kb1 Nge7 9. Bd6 Ng6 10. Bxf8 Rxf8 11. Nf3 b4 12. Ne2 Qc5 13. Ned4 f6 14. Be2
Nce7 15. g3 Kf7 16. h4 Kg8 17. Nb3 Qc7 18. h5 Ne5 19. Nxe5 fxe5 20. h6 g6 21. f4
a5 22. fxe5 Qxe5 23. Rhf1 Nc6 24. Rxf8+ Kxf8 25. Qf3+ Ke7 26. Rf1 Kd8 27. Nd2
Kc7 28. Nc4 Qg5 29. Qf8 Qe7 30. Qxe7 Nxe7 31. Rf7 Nc6 32. Rxh7 Ba6 33. Rg7 Bxc4
34. Bxc4 Kd6 35. Bb5 Ne5 36. g4 Rh8 37. g5 Nf3 38. Rxd7+ Ke5 39. Rg7 Nxg5 40.
Rxg6 Nxe4 41. a3 bxa3 42. Ba4 axb2 43. Kxb2 Kf5 44. Rg2 Rxh6 45. Bb5 Nd6 46.
Bd3+ Kf6 47. Rf2+ Nf5 48. Ka3 Rh4 49. Rg2 Ke5 50. Rg8 Ne3 51. Ra8 Nd5 52. Rxa5 1/2-1/2

[Event "World Blitz 2016"]
[Site "Doha QAT"]
[Date "2016.12.29"]
[Round "3.29"]
[White "Riazantsev, Alexander"]
[Black "Bologan, Victor"]
[Result "1/2-1/2"]
[WhiteTitle "GM"]
[BlackTitle "GM"]
[WhiteElo "2671"]
[BlackElo "2640"]
[WhiteFideId "4125029"]
[BlackFideId "13900048"]
[EventDate "2016.12.29"]

1. d4 Nf6 2. c4 e6 3. Nf3 Nc6 4. g3 Bb4+ 5. Bd2 Qe7 6. Nc3 O-O 7. Bg2 d6 8. O-O
a5 9. Rc1 Bxc3 10. Bxc3 e5 11. d5 Nb8 12. c5 Nbd7 13. cxd6 cxd6 14. Nd2 b5 15.
b3 Nb6 16. e4 b4 17. Bb2 Ba6 18. Re1 Rfc8 19. Bh3 Nfd7 20. Nf1 Rxc1 21. Bxc1 Nc5
22. Be3 Nbd7 23. Bxd7 Nxd7 24. Qd2 Rc8 25. Rc1 Qd8 26. f3 Bb5 27. Rc2 h6 28. Qc1
Rxc2 29. Qxc2 f5 30. Nd2 Nf6 31. Kg2 fxe4 32. fxe4 Kh7 1/2-1/2

[Event "World Blitz 2016"]
[Site "Doha QAT"]
[Date "2016.12.29"]
[Round "3.32"]
[White "Matlakov, Maxim"]
[Black "Salinas Herrera, Pablo"]
[Result "1-0"]
[WhiteTitle "GM"]
[BlackTitle "IM"]
[WhiteElo "2694"]
[BlackElo "2466"]
[WhiteFideId "4168003"]
[BlackFideId "3407128"]
[EventDate "2016.12.29"]

1. Nf3 d5 2. g3 c6 3. Bg2 Bg4 4. O-O Nd7 5. d3 e6 6. h3 Bh5 7. e4 Bd6 8. exd5
cxd5 9. c4 Ne7 10. Nc3 O-O 11. cxd5 exd5 12. g4 Bg6 13. Nh4 Nb6 14. a4 Bb4 15.
a5 Nbc8 16. Nxg6 hxg6 17. Qb3 Bxa5 18. Qxb7 Nd6 19. Qa6 Bb6 20. Bg5 f6 21. Bf4
Nf7 22. Rae1 Rc8 23. Qa2 d4 24. Nd5 Nxd5 25. Bxd5 Bc7 26. Bxc7 Rxc7 27. Re4 Kh8
28. Bxf7 Rcxf7 29. Rfe1 f5 30. Qxf7 fxe4 31. Qxg6 Qh4 32. Re2 e3 33. Qh5+ Qxh5
34. gxh5 Rf3 35. fxe3 Rxh3 36. Kg2 Rxh5 37. exd4 Rd5 38. Kf3 Rxd4 39. Ke3 Rb4
40. d4 Kg8 41. Ke4 Kf7 42. Kd5 g5 43. Kc5 Rb8 44. d5 g4 45. d6 Re8 46. d7 1-0

[Event "World Blitz 2016"]
[Site "Doha QAT"]
[Date "2016.12.29"]
[Round "3.33"]
[White "Potapov, Pavel"]
[Black "Howell, David W L"]
[Result "0-1"]
[WhiteTitle "GM"]
[BlackTitle "GM"]
[WhiteElo "2493"]
[BlackElo "2644"]
[WhiteFideId "4169786"]
[BlackFideId "410608"]
[EventDate "2016.12.29"]

1. e4 e5 2. Nf3 Nc6 3. Nc3 Nf6 4. d4 exd4 5. Nxd4 Bb4 6. Nxc6 bxc6 7. Bd3 d6 8.
O-O Ng4 9. Qf3 g5 10. h3 Ne5 11. Qg3 g4 12. hxg4 Nxg4 13. e5 Be6 14. Ne4 Rg8 15.
c3 Ba5 16. exd6 cxd6 17. Nxd6+ Kf8 18. Nb7 Qc7 19. Nxa5 Qxa5 20. Qd6+ Kg7 21.
Be2 Rad8 22. Qg3 Kh8 23. Bf4 Rd5 24. Rad1 Rh5 25. b4 Qf5 26. Bxg4 Rxg4 27. Rd8+
Kg7 28. Qe3 Rxf4 29. Rfd1 Re4 30. Qg3+ Rg4 31. Qe3 Qg6 32. g3 Bd5 33. R1xd5 Rxd5
34. Rxd5 cxd5 35. Qe5+ Qf6 36. Qxd5 Qxc3 37. Qf5 Rg6 38. Qf4 h5 39. a4 Qf6 40.
Qc4 h4 41. Qd3 hxg3 42. fxg3 Qe5 43. Kg2 Rg4 0-1

[Event "World Blitz 2016"]
[Site "Doha QAT"]
[Date "2016.12.29"]
[Round "3.35"]
[White "Debashis, Das"]
[Black "Vallejo Pons, Francisco"]
[Result "1-0"]
[WhiteTitle "GM"]
[BlackTitle "GM"]
[WhiteElo "2472"]
[BlackElo "2711"]
[WhiteFideId "5024854"]
[BlackFideId "2205530"]
[EventDate "2016.12.29"]

1. d4 e6 2. c4 f5 3. g3 Nf6 4. Bg2 d5 5. Nf3 Bd6 6. O-O O-O 7. Nc3 c6 8. Qc2 Qe7
9. Bg5 h6 10. Bf4 Bxf4 11. gxf4 Ne4 12. Ne5 Qe8 13. e3 Nd7 14. Ne2 Kh8 15. Kh1
g5 16. fxg5 hxg5 17. Ng3 Nxe5 18. dxe5 Bd7 19. f4 Rg8 20. Bxe4 dxe4 21. Rad1 g4
22. Rd6 c5 23. Rg1 Rg7 24. Qc3 Rh7 25. Rg2 Kg8 26. Rgd2 Bc6 27. Qc1 Rd7 28. Qd1
Rad8 29. h3 Rxd6 30. Rxd6 Rxd6 31. Qxd6 gxh3 32. Kh2 Qg6 33. Qe7 Be8 34. Qh4 Qg4
35. Qxg4+ fxg4 36. Nxe4 Kg7 37. Nf6 Bg6 38. Nxg4 Bd3 39. Kxh3 Bxc4 40. a3 Bd3
41. Nf6 b5 42. Kg4 a5 43. Kg5 b4 44. axb4 cxb4 45. Nd7 Bc4 46. Nc5 Kf7 47. e4
Bb5 48. b3 Bc6 49. f5 a4 50. bxa4 b3 51. Nxb3 Bxe4 52. f6 1-0

[Event "World Blitz 2016"]
[Site "Doha QAT"]
[Date "2016.12.29"]
[Round "3.36"]
[White "Borisek, Jure"]
[Black "Sanal, Vahap"]
[Result "0-1"]
[WhiteTitle "GM"]
[BlackTitle "GM"]
[WhiteElo "2561"]
[BlackElo "2474"]
[WhiteFideId "14603152"]
[BlackFideId "6300545"]
[EventDate "2016.12.29"]

1. e4 e5 2. Nf3 Nc6 3. Bb5 a6 4. Ba4 Nf6 5. O-O Be7 6. d3 b5 7. Bb3 d6 8. a3 O-O
9. Nc3 Be6 10. Bxe6 fxe6 11. Ne2 Nh5 12. Ng3 Nf4 13. d4 exd4 14. Nxd4 Nxd4 15.
Qxd4 e5 16. Qd1 g6 17. a4 b4 18. f3 Qd7 19. Bxf4 exf4 20. Ne2 Bf6 21. Qd3 Be5
22. a5 Qb5 23. Ra2 Rfb8 24. b3 Qc5+ 25. Kh1 Rb5 26. g3 fxg3 27. hxg3 Rxa5 28.
Rxa5 Qxa5 29. f4 Bg7 30. Kg2 Qb5 31. Qf3 Re8 32. Qd3 Qc6 33. Kf3 Bf6 34. g4 a5
35. g5 Bb2 36. Ng1 Qc3 37. Nh3 Qxd3+ 38. cxd3 a4 39. bxa4 Ra8 40. Rb1 Bc3 41. e5
dxe5 42. fxe5 Rxa4 43. Nf4 Bxe5 44. Nd5 Bd6 45. Ke4 Ra2 46. d4 Re2+ 47. Kd3 Rg2
48. Nf6+ Kf7 49. Ne4 Ke6 50. Kc4 Rg4 51. Re1 Rh4 52. Ng3+ Kd7 53. Ne4 Kc8 54.
Nf6 c5 55. Kd5 Rxd4+ 56. Kc6 Bf4 57. Nd5 Rxd5 58. Kxd5 Kc7 59. Kxc5 Bxg5 60. Kc4
Kc6 61. Re6+ Kd7 62. Ra6 Be7 63. Kd5 b3 64. Rb6 Ke8 65. Ke6 Bd8 66. Rxb3 h5 67.
Rb7 Kf8 68. Rb8 Ke8 69. Rb7 Kf8 70. Rd7 Bh4 71. Rd4 Bg5 72. Rd5 Bh4 73. Rd4 Bg5
74. Rd1 Kg7 75. Rd7+ Kh6 76. Kf7 Bf4 77. Kf6 h4 78. Rd4 Bg5+ 79. Kf7 Kh5 80. Rd3
Bf4 81. Kf6 Bg5+ 82. Kf7 Bc1 83. Rd1 Bf4 84. Kf6 Bg5+ 85. Kf7 Be3 86. Rd3 Bg5
87. Kg7 Bc1 88. Kf6 Bb2+ 89. Kf7 g5 90. Ke6 Kg4 91. Rb3 Bc1 92. Rb4+ Bf4 93. Kd5
Kf3 94. Rb3+ Be3 95. Ke5 g4 96. Kf5 h3 0-1

[Event "World Blitz 2016"]
[Site "Doha QAT"]
[Date "2016.12.29"]
[Round "3.37"]
[White "Li, Chao b"]
[Black "Saeed, Ishaq"]
[Result "1-0"]
[WhiteTitle "GM"]
[BlackTitle "FM"]
[WhiteElo "2720"]
[BlackElo "2312"]
[WhiteFideId "8604436"]
[BlackFideId "9301453"]
[EventDate "2016.12.29"]

1. d4 Nf6 2. c4 e6 3. g3 d5 4. Bg2 Be7 5. Nf3 O-O 6. Qc2 c5 7. O-O cxd4 8. Nxd4
e5 9. Nf5 d4 10. Nxe7+ Qxe7 11. b4 Be6 12. Nd2 Rc8 13. Qd3 Nc6 14. a3 Rd8 15.
Bb2 Rac8 16. Rac1 h6 17. h3 Qd7 18. g4 Ne7 19. f4 exf4 20. Rxf4 Nc6 21. Ne4 Nxe4
22. Qxe4 Qc7 23. Rff1 Qe5 24. Qxe5 Nxe5 25. Bxb7 Rc7 26. Bd5 Bxd5 27. cxd5 Rxc1
28. Rxc1 Rxd5 29. Kf2 h5 30. gxh5 Nd7 31. Rc8+ Kh7 32. Rc7 a6 33. Ra7 Nf6 34.
Rxa6 Rxh5 35. Bxd4 Ne4+ 36. Kf3 f5 37. Ra7 Rxh3+ 38. Kf4 Rh4+ 39. Ke5 Nd2 40.
Kd5 Rg4 41. b5 Nb3 42. Bc3 Rg3 43. Be5 Rg2 44. b6 Rxe2 45. b7 Rd2+ 46. Kc4 Rd8
47. Kxb3 1-0

[Event "World Blitz 2016"]
[Site "Doha QAT"]
[Date "2016.12.29"]
[Round "3.38"]
[White "Onischuk, Vladimir"]
[Black "Xu, Yi"]
[Result "1-0"]
[WhiteTitle "GM"]
[BlackTitle "IM"]
[WhiteElo "2601"]
[BlackElo "2430"]
[WhiteFideId "14114038"]
[BlackFideId "8605564"]
[EventDate "2016.12.29"]

1. e4 e5 2. Nf3 Nc6 3. Bc4 Bc5 4. d3 Nf6 5. O-O d6 6. c3 a6 7. Bb3 h6 8. Nbd2
O-O 9. h3 Be6 10. Bc2 Re8 11. Re1 d5 12. b4 Ba7 13. a3 Qd7 14. Qe2 Rad8 15. Nf1
b5 16. Rd1 Qc8 17. Bd2 dxe4 18. dxe4 Bc4 19. Qe1 Nh5 20. Be3 Nf4 21. Ng3 Nd3 22.
Bxd3 Bxd3 23. Bxa7 Nxa7 24. Qe3 Bc4 25. Qxa7 Bb3 26. Rxd8 Rxd8 27. Nxe5 Qe6 28.
Qc5 Rd2 29. Nf3 Rc2 30. Nd4 1-0